Statistics for Capitals of the German States (Bundesländer) by area

Click here to take the quiz!

General Stats

  • This quiz has been taken 9 times
  • The average score is 10 of 14

Answer Stats

Area (km²)City% Correct
318,2Bremen
100%
310,7München
100%
328,5Dresden
88%
217,4Düsseldorf
88%
207,3Stuttgart
88%
203,9Wiesbaden
88%
269,9Erfurt
75%
97,7Mainz
75%
204,3Hannover
63%
118,7Kiel
63%
201,0Magdeburg
63%
188,2Potsdam
50%
167,5Saarbrücken
50%
130,5Schwerin
50%

Score Distribution

Percentile by Number Answered

Percent of People with Each Score

Your Score History

You have not taken this quiz